Historia de María Antonieta / (Record no. 80874)

MARC details
000 -LEADER
campo de control de longitud fija 00809nam a2200205 i 4500
001 - NÚMERO DE CONTROL
campo de control 80874
003 - IDENTIFICADOR DE NÚMERO DE CONTROL
campo de control ES-MaACL
005 - FECHA Y HORA DE LA ÚLTIMA TRANSACCIÓN
campo de control 20250902125915.0
007 - CAMPO FIJO DE DESCRIPCIÓN FÍSICA--INFORMACIÓN GENERAL
campo de control de longitud fija t|
008 - DATOS DE LONGITUD FIJA--INFORMACIÓN GENERAL
campo de control de longitud fija 041102s1945 ag |||| |bspa d
100 1# - ENTRADA PRINCIPAL--NOMBRE DE PERSONA
Nombre de persona Goncourt, Edmond de,
Fechas asociadas al nombre 1822-1896
9 (RLIN) 127377
245 10 - MENCIÓN DEL TÍTULO
Título Historia de María Antonieta /
Mención de responsabilidad, etc. por Edmundo y Julio de Goncourt ; [traducción de Clara Campoamor].
260 ## - PUBLICACIÓN, DISTRIBUCIÓN, ETC.
Lugar de publicación, distribución, etc. Buenos Aires :
Nombre del editor, distribuidor, etc. Emecé,
Fecha de publicación, distribución, etc. [1945] (
Fabricante Sebastián Amorrortu)
300 ## - DESCRIPCIÓN FÍSICA
Extensión 482 p., 1 lám. ;
Dimensiones 18 cm.
600 04 - PUNTO DE ACCESO ADICIONAL DE MATERIA--NOMBRE DE PERSONA
Nombre de persona María Antonieta
Títulos y otros términos asociados al nombre Reina consorte de Luis XVI, Rey de Francia.
9 (RLIN) 76657
700 1# - ENTRADA AGREGADA--NOMBRE PERSONAL
Nombre de persona Goncourt, Jules de,
Fechas asociadas al nombre 1830-1870
9 (RLIN) 58231
700 1# - ENTRADA AGREGADA--NOMBRE PERSONAL
Nombre de persona Campoamor, Clara,
Fechas asociadas al nombre 1888-1972
9 (RLIN) 34230
852 ## - LOCALIZACIÓN
Ubicación ES-MaACL
Número de control de estantería C-45494
Nota libre . - Firma manuscrita "Clara Campoamor" y texto ms. tapado
Holdings
Estatus retirado Estado de pérdida Estado de daño No para préstamo Biblioteca de origen Biblioteca actual Ubicación en estantería Fecha de adquisición Fuente de adquisición Total de préstamos Signatura topográfica completa Código de barras Visto por última vez Precio de reemplazo Tipo de ítem Koha
        Biblioteca del Ateneo de Madrid Biblioteca del Ateneo de Madrid Depósito 2 17/01/2008     C-45494 1084550 23/02/2023 23/02/2023 Libro impreso